000 00682nam a22002057a 4500
005 20250604114004.0
010 _aENG-145174
020 _a9789390670772
_c270.00
035 _aEN-128706
037 _bDBAD
082 _a338.52
_21
100 _aSodhi, Suman
_981629
245 _aRevival of Traditional Heritage by Fusion of Different Techniques/
_cSuman Sodhi [and] Nisha Arya
260 _aGurugram
_bEarth Vision Publications
_c2022
270 _aH-23/16, DLF Phase-1
_bGurugram
_e122002
300 _axiv, 196p.
_c21cm(hbk)
500 _aThis book is about a ecology and earth.
700 _aArya, Nisha
_967317
_eAuthor
942 _2ddc
_cEN
_h338.52
_mSOD
999 _c211560
_d211560